Govt. of
Madhya Pradesh

Mind Body rejuvenation (Record no. 31783)

MARC details
000 -LEADER
fixed length control field 004430000a22001810004500
003 - CONTROL NUMBER IDENTIFIER
control field MACL
005 - DATE AND TIME OF LATEST TRANSACTION
control field 20160124115458.0
008 - FIXED-LENGTH DATA ELEMENTS--GENERAL INFORMATION
fixed length control field 160124b xxu||||| |||| 00| 0 eng d
040 ## - CATALOGING SOURCE
Original cataloging agency MACL
Transcribing agency MACL
041 ## - LANGUAGE CODE
Language code of text/sound track or separate title English
082 ## - DEWEY DECIMAL CLASSIFICATION NUMBER
Classification number 610/TUR
100 ## - MAIN ENTRY--PERSONAL NAME
Personal name Turchin, Curtis
9 (RLIN) 34405
245 ## - TITLE STATEMENT
Title Mind Body rejuvenation
260 ## - PUBLICATION, DISTRIBUTION, ETC. (IMPRINT)
Name of publisher, distributor, etc. Magna Publishing
Date of publication, distribution, etc. 2002
Place of publication, distribution, etc. Mmumbai
350 ## - PRICE (NR) (BK AM CF MU VM SE) [OBSOLETE]
Price 175
650 ## - SUBJECT ADDED ENTRY--TOPICAL TERM
Topical term or geographic name as entry element Medical Science
9 (RLIN) 34406
942 ## - ADDED ENTRY ELEMENTS (KOHA)
Koha item type Books
Call number prefix 610
Source of classification or shelving scheme
Holdings
Withdrawn status Lost status Source of classification or shelving scheme Damaged status Not for loan Home library Current library Date acquired Cost, normal purchase price Total Checkouts Full call number Barcode Date last seen Uniform Resource Identifier Price effective from Koha item type
          MACL MACL 15/04/2015 175.00   610 /TUR CLC003727 29/04/2015 31837 15/04/2015 Books